000 00443nam a22001577a 4500
003 OSt
005 20170105102929.0
020 _a9789699448034
040 _a1
082 _a153.32
_bKID 2011
100 _aKidwai, Muhammad Muneeb
245 _aThe Power of Visualization
_bA Mental Technique for Goal Achiement
_cMuhammad Muneeb Kidwai
260 _aKarachi
_bPrarmount Publishing Enterprise
_cc2011
300 _a331 p:
_b24cm
942 _2ddc
_cBK
999 _c15969
_d15969